[Event "13th World Teams Pool A"]
[Site "Jerusalem ISR"]
[Date "2022.11.21"]
[Round "4.1"]
[Board "4"]
[White "Bernadskiy, Vitaliy"]
[Black "Santos Ruiz, Miguel"]
[Result "1/2-1/2"]
[WhiteTitle "GM"]
[BlackTitle "GM"]
[WhiteElo "2615"]
[BlackElo "2587"]
[WhiteTeam "Ukraine"]
[BlackTeam "Spain"]
[WhiteFideId "14100371"]
[BlackFideId "22291482"]
[EventDate "2022.11.20"]

1. c4 Nf6 2. Nf3 e6 3. g3 d5 4. Bg2 dxc4 5. Qa4+ Nbd7 6. Qxc4 a6 7. Qb3 c5 8.
O-O Ra7 9. a4 b6 10. Na3 Bb7 11. Nc4 Be7 12. d3 Nd5 13. Bd2 O-O 14. Rfc1 a5 15.
Qd1 Nb8 16. d4 Na6 17. Na3 Ra8 18. Nb5 Rc8 19. e4 Nf6 20. e5 Nd5 21. h4 Qd7 22.
Bg5 cxd4 23. Nfxd4 Rxc1 24. Rxc1 Bc5 25. Qg4 Kh8 26. Rd1 Nac7 27. Be4 Nxb5 28.
Nxb5 f5 29. exf6 gxf6 30. Bf4 Qe7 31. Bh6 f5 32. Bxf8 Qxf8 33. Qf3 fxe4 34.
Qxf8+ Bxf8 35. Nd4 Bg7 36. Nxe6 Bf6 37. Re1 Nb4 38. Rc1 Bc6 39. b3 Kg8 40. Nc7
Kf7 41. Na6 Bd5 42. Rc7+ Kg6 43. Nxb4 axb4 44. g4 Bxh4 45. Rd7 Bxb3 46. Rd6+ Kg5
47. Rxb6 Bxa4 48. Rxb4 Bc2 49. Kg2 Kxg4 50. f3+ Kf4 51. fxe4 Bxe4+ 52. Rxe4+
Kxe4 1/2-1/2

[Event "13th World Teams Pool A"]
[Site "Jerusalem ISR"]
[Date "2022.11.21"]
[Round "4.2"]
[Board "1"]
[White "Van Foreest, Jorden"]
[Black "Lu, Shanglei"]
[Result "1/2-1/2"]
[WhiteTitle "GM"]
[BlackTitle "GM"]
[WhiteElo "2690"]
[BlackElo "2605"]
[WhiteTeam "Netherlands"]
[BlackTeam "China"]
[WhiteFideId "1039784"]
[BlackFideId "8603332"]
[EventDate "2022.11.20"]

1. d4 Nf6 2. c4 e6 3. Nf3 d5 4. Nc3 dxc4 5. e4 Bb4 6. Bxc4 Nxe4 7. O-O Nxc3 8.
bxc3 Be7 9. Ne5 O-O 10. Re1 Nc6 11. Qg4 f5 12. Qf3 Nxe5 13. Rxe5 Kh8 14. Bf4 Bd6
15. Ree1 Bxf4 16. Qxf4 Qd6 17. Qxd6 cxd6 18. Bxe6 Bxe6 19. Rxe6 Rac8 20. Rxd6
Rxc3 21. Rd7 Rfc8 22. Re1 Kg8 23. Rxb7 R8c7 24. Rb5 g6 25. h4 Rc1 26. Rxc1 Rxc1+
27. Kh2 Rc2 28. Rb8+ Kg7 29. Rb7+ Kh6 30. Kg3 Rxa2 31. d5 Rd2 32. Rd7 Rd4 1/2-1/2

[Event "13th World Teams Pool A"]
[Site "Jerusalem ISR"]
[Date "2022.11.21"]
[Round "4.2"]
[Board "2"]
[White "Xu, Xiangyu"]
[Black "Van Foreest, Lucas"]
[Result "1-0"]
[WhiteTitle "GM"]
[BlackTitle "GM"]
[WhiteElo "2577"]
[BlackElo "2585"]
[WhiteTeam "China"]
[BlackTeam "Netherlands"]
[WhiteFideId "8608288"]
[BlackFideId "1039792"]
[EventDate "2022.11.20"]

1. d4 d5 2. Nf3 Nf6 3. c4 e6 4. g3 dxc4 5. Bg2 Bb4+ 6. Bd2 a5 7. Qc2 Bxd2+ 8.
Qxd2 c6 9. a4 b5 10. Na3 Qb6 11. axb5 cxb5 12. Qg5 O-O 13. Qxb5 Qxb5 14. Nxb5
Bb7 15. O-O Nbd7 16. Nd6 Bd5 17. Nd2 Nb6 18. Rfc1 Rfd8 19. N6xc4 Nxc4 20. Nxc4
Rab8 21. Rxa5 Bxc4 22. Rxc4 Rxb2 23. Bf3 Rbb8 24. g4 h6 25. h4 g6 26. e3 Rd7 27.
Kg2 Kg7 28. Rcc5 Rbd8 29. Kg3 Rb8 30. Ra1 Rbd8 31. Raa5 Rb8 32. Bc6 Rc7 33. Bg2
Rd7 34. Ra6 Rbd8 35. Bc6 Rc7 36. Bf3 Rcd7 37. g5 Ng8 38. Bc6 Rc7 39. Be4 Rcd7
40. Rac6 Ne7 41. Rc7 Nf5+ 42. Bxf5 gxf5 43. Kf4 Rxc7 44. Rxc7 Rh8 45. d5 Kg6 46.
d6 hxg5+ 47. Ke5 gxh4 48. d7 Rd8 49. Kd6 h3 50. Rc8 Rxd7+ 51. Kxd7 1-0

[Event "13th World Teams Pool A"]
[Site "Jerusalem ISR"]
[Date "2022.11.21"]
[Round "4.2"]
[Board "3"]
[White "Warmerdam, Max"]
[Black "Bai, Jinshi"]
[Result "0-1"]
[WhiteTitle "GM"]
[BlackTitle "GM"]
[WhiteElo "2617"]
[BlackElo "2569"]
[WhiteTeam "Netherlands"]
[BlackTeam "China"]
[WhiteFideId "1048104"]
[BlackFideId "8602280"]
[EventDate "2022.11.20"]

1. c4 c5 2. Nf3 Nf6 3. Nc3 e6 4. g3 d5 5. cxd5 exd5 6. d4 Nc6 7. Bg2 cxd4 8.
Nxd4 Bc5 9. Be3 Qb6 10. Na4 Qb4+ 11. Bd2 Qxd4 12. e3 Qe5 13. Nxc5 Qxb2 14. O-O
O-O 15. Nd3 Qa3 16. Bc1 Qe7 17. Qb3 Na5 18. Qb5 Nc4 19. Nf4 Be6 20. Rb1 b6 21.
Rd1 Rac8 22. Bb2 Rc5 23. Bxf6 Qxf6 24. Qb4 Rd8 25. Nxd5 Rcxd5 26. Bxd5 Rxd5 27.
Qa4 g6 28. e4 Qf3 29. Qb3 Qxe4 30. Re1 Qd4 0-1

[Event "13th World Teams Pool A"]
[Site "Jerusalem ISR"]
[Date "2022.11.21"]
[Round "4.2"]
[Board "4"]
[White "Li, Di"]
[Black "Kevlishvili, Robby"]
[Result "1-0"]
[WhiteTitle "GM"]
[BlackTitle "GM"]
[WhiteElo "2539"]
[BlackElo "2536"]
[WhiteTeam "China"]
[BlackTeam "Netherlands"]
[WhiteFideId "8607508"]
[BlackFideId "1040634"]
[EventDate "2022.11.20"]

1. Nf3 d5 2. e3 Nf6 3. c4 e6 4. b3 Bd6 5. Bb2 O-O 6. Nc3 c5 7. cxd5 exd5 8. d4
Nc6 9. Be2 Re8 10. dxc5 Bxc5 11. O-O Be6 12. Rc1 Qe7 13. Nb5 Ne4 14. Nbd4 Rac8
15. Nxe6 fxe6 16. Bd3 Nb4 17. Bb1 Bd6 18. Qe2 Nf6 19. Ne5 Nc6 20. Ng4 Nxg4 21.
Qxg4 Ba3 22. Bxa3 Qxa3 23. h4 Qb2 24. Rcd1 Qf6 25. h5 Ne5 26. Qg3 Rc3 27. Rc1
Rxc1 28. Rxc1 Nc6 29. Rf1 Rf8 30. Qg4 Ne5 31. Qg3 Nc6 32. Qg4 Qh6 33. f4 Ne5 34.
Qh3 Nd7 35. Rc1 Rf7 36. Rc8+ Nf8 37. Bd3 a6 38. Qg4 Qf6 39. Qg5 Qa1+ 40. Kh2 Qd1
41. h6 Qa1 42. Be2 Qf6 43. Bh5 g6 44. Qxf6 Rxf6 45. Bg4 Kf7 46. Rc7+ Ke8 47.
Rxb7 d4 48. exd4 Rxf4 49. Be2 Nd7 50. Bxa6 Nf6 51. a4 g5 52. a5 Ng4+ 53. Kg3
Nxh6 54. Rxh7 Nf5+ 55. Kh2 Kf8 56. Bc4 1-0

[Event "13th World Teams Pool A"]
[Site "Jerusalem ISR"]
[Date "2022.11.21"]
[Round "4.3"]
[Board "1"]
[White "Vachier-Lagrave, Maxime"]
[Black "Solomon, Kenny"]
[Result "1-0"]
[WhiteTitle "GM"]
[BlackTitle "GM"]
[WhiteElo "2736"]
[BlackElo "2355"]
[WhiteTeam "France"]
[BlackTeam "South Africa"]
[WhiteFideId "623539"]
[BlackFideId "14300192"]
[EventDate "2022.11.20"]

1. e4 e5 2. Nf3 Nc6 3. Bb5 a6 4. Ba4 Nf6 5. O-O Be7 6. Re1 b5 7. Bb3 O-O 8. a4
b4 9. a5 d6 10. d3 Rb8 11. Nbd2 Be6 12. Nc4 h6 13. h3 Nd7 14. Be3 Bf6 15. c3
bxc3 16. bxc3 d5 17. exd5 Bxd5 18. Nfd2 Be7 19. Bc2 Bg5 20. Bxg5 Qxg5 21. Ne3
Be6 22. Ba4 Ne7 23. Nf3 Qf4 24. g3 Qf6 25. Ng4 Bxg4 26. hxg4 c6 27. d4 exd4 28.
cxd4 Rb2 29. Rc1 Rfb8 30. Bc2 R2b5 31. Ra1 c5 32. Qe2 Nc6 33. d5 Nd4 34. Nxd4
cxd4 35. Rab1 Rxb1 36. Rxb1 Rxb1+ 37. Bxb1 Kf8 38. Bf5 Nc5 39. Qc4 Qd6 40. Qxd4
g6 41. Bc2 Kg8 42. Bd1 Nd7 43. Kg2 Kh7 44. Be2 Nc5 45. Bc4 Kg8 46. Qb2 Nd7 47.
Qb7 Nc5 48. Qc6 1-0

[Event "13th World Teams Pool A"]
[Site "Jerusalem ISR"]
[Date "2022.11.21"]
[Round "4.3"]
[Board "2"]
[White "Cawdery, Daniel"]
[Black "Fressinet, Laurent"]
[Result "0-1"]
[WhiteTitle "IM"]
[BlackTitle "GM"]
[WhiteElo "2396"]
[BlackElo "2622"]
[WhiteTeam "South Africa"]
[BlackTeam "France"]
[WhiteFideId "14300249"]
[BlackFideId "608742"]
[EventDate "2022.11.20"]

1. e4 e5 2. Nf3 Nc6 3. Nc3 Nf6 4. d4 exd4 5. Nxd4 Bb4 6. Nxc6 bxc6 7. Bd3 O-O 8.
O-O d5 9. exd5 cxd5 10. Qf3 c6 11. h3 Bd6 12. Bf4 Be6 13. Rfe1 h6 14. Ne2 c5 15.
Rad1 Rb8 16. b3 Re8 17. c4 d4 18. Ng3 Bxf4 19. Qxf4 Qa5 20. Ne4 Nxe4 21. Qxe4 g6
22. Qf4 Bd7 23. Kf1 Qxa2 24. Qd6 Rxe1+ 25. Rxe1 Qxb3 26. Bxg6 Qxc4+ 27. Kg1 Re8
28. Rxe8+ Bxe8 29. Bf5 Qc1+ 30. Kh2 Qg5 31. Be4 Kg7 32. Bd5 d3 33. Qxc5 Qe5+ 0-1

[Event "13th World Teams Pool A"]
[Site "Jerusalem ISR"]
[Date "2022.11.21"]
[Round "4.3"]
[Board "3"]
[White "Gharamian, Tigran"]
[Black "Barrish, Daniel"]
[Result "1-0"]
[WhiteTitle "GM"]
[BlackTitle "FM"]
[WhiteElo "2601"]
[BlackElo "2257"]
[WhiteTeam "France"]
[BlackTeam "South Africa"]
[WhiteFideId "13301527"]
[BlackFideId "14304600"]
[EventDate "2022.11.20"]

1. e4 c5 2. Nf3 d6 3. Bb5+ Bd7 4. c4 e5 5. Nc3 Be7 6. d3 Nc6 7. a3 a5 8. O-O f5
9. exf5 Bxf5 10. Qa4 Bd7 11. Nd2 Nf6 12. Nde4 O-O 13. f4 Be8 14. Bd2 Nxe4 15.
Nxe4 Bf6 16. Bc3 exf4 17. Nxf6+ gxf6 18. Rxf4 Ne5 19. d4 cxd4 20. Bxd4 Rc8 21.
Raf1 Bg6 22. c5 Kg7 23. cxd6 Qxd6 24. Qxa5 Qd5 25. Qb6 Rc2 26. R4f2 Rf7 27. a4
Rxf2 28. Rxf2 Ng4 29. Rf4 Qg5 30. Qd6 h5 31. h3 Nh6 32. h4 Qg3 33. Rxf6 Qe1+ 34.
Rf1+ 1-0

[Event "13th World Teams Pool A"]
[Site "Jerusalem ISR"]
[Date "2022.11.21"]
[Round "4.3"]
[Board "4"]
[White "Mhango, Banele"]
[Black "Lagarde, Maxime"]
[Result "1/2-1/2"]
[WhiteTitle "FM"]
[BlackTitle "GM"]
[WhiteElo "2210"]
[BlackElo "2573"]
[WhiteTeam "South Africa"]
[BlackTeam "France"]
[WhiteFideId "14327040"]
[BlackFideId "662399"]
[EventDate "2022.11.20"]

1. Nf3 Nf6 2. g3 b6 3. Bg2 Bb7 4. O-O g6 5. c4 Bg7 6. Nc3 O-O 7. Qc2 c5 8. Rd1
d6 9. d4 cxd4 10. Nxd4 Bxg2 11. Kxg2 Qc8 12. b3 Nbd7 13. Bb2 Qb7+ 14. f3 Rac8
15. e4 a6 16. Qe2 Rfe8 17. Rac1 Nc5 18. Nc2 Nfd7 19. Nb4 Ne5 20. Rb1 f5 21. exf5
gxf5 22. Nbd5 e6 23. Nf4 Bf8 24. Rd2 Qf7 25. Rbd1 Ng6 26. Nxg6 hxg6 27. Qe3 e5
28. Nd5 b5 29. Qe2 bxc4 30. Nb6 Rc6 31. Nxc4 Re6 32. Ba3 e4 33. Bxc5 exf3+ 34.
Qxf3 Rxc5 35. Nxd6 Bxd6 36. Rxd6 Rxd6 37. Rxd6 Rc2+ 38. Kf1 Rc1+ 39. Rd1 Rxd1+
40. Qxd1 Qb7 41. Qd8+ Kh7 42. Kf2 Qc6 43. Qh4+ Kg7 44. Qd4+ Kh7 45. Qc4 Qd6 46.
Qh4+ Kg7 47. Qf4 Qc5+ 48. Qe3 Qc2+ 49. Qe2 Qc5+ 50. Qe3 Qc2+ 51. Qe2 Qc5+ 52.
Qe3 1/2-1/2

[Event "13th World Teams Pool A"]
[Site "Jerusalem ISR"]
[Date "2022.11.22"]
[Round "5.1"]
[Board "1"]
[White "Solomon, Kenny"]
[Black "Santos Latasa, Jaime"]
[Result "0-1"]
[WhiteTitle "GM"]
[BlackTitle "GM"]
[WhiteElo "2355"]
[BlackElo "2665"]
[WhiteTeam "South Africa"]
[BlackTeam "Spain"]
[WhiteFideId "14300192"]
[BlackFideId "2293307"]
[EventDate "2022.11.20"]

1. d4 Nf6 2. c4 e6 3. Nf3 d5 4. Nc3 dxc4 5. e4 b5 6. e5 Nd5 7. Nxb5 Nb6 8. Be2
Nc6 9. Be3 Be7 10. h4 Qd7 11. Nc3 Bb7 12. h5 f5 13. exf6 gxf6 14. a3 O-O-O 15.
Qc2 f5 16. O-O-O Na5 17. Ne5 Qe8 18. h6 Bd6 19. Bg5 Be7 20. Bxe7 Qxe7 21. Kb1
Nb3 22. Nxc4 Nxd4 23. Qc1 Bxg2 24. Nxb6+ axb6 25. Ba6+ Kb8 26. Rhg1 Rhg8 27. Qe3
Qf6 28. f3 e5 29. f4 exf4 30. Qxf4 Ne6 31. Rxd8+ Rxd8 32. Qf2 Ba8 33. Rf1 Qxh6
34. Qxf5 Rf8 35. Qd3 Nc5 36. Rxf8+ Qxf8 37. Qf1 Qh8 38. Be2 h5 39. Qf7 h4 40.
Nd5 Qd8 41. Bf3 Bb7 42. Ka2 Qd7 43. Qf8+ Ka7 44. Nb4 Qe6+ 45. Kb1 Qe1+ 46. Ka2
Qf2 0-1

[Event "13th World Teams Pool A"]
[Site "Jerusalem ISR"]
[Date "2022.11.22"]
[Round "5.1"]
[Board "3"]
[White "Barrish, Daniel"]
[Black "Yuffa, Daniil"]
[Result "0-1"]
[WhiteTitle "FM"]
[BlackTitle "GM"]
[WhiteElo "2257"]
[BlackElo "2587"]
[WhiteTeam "South Africa"]
[BlackTeam "Spain"]
[WhiteFideId "14304600"]
[BlackFideId "24131423"]
[EventDate "2022.11.20"]

1. d4 Nf6 2. c4 e6 3. Nc3 Bb4 4. Qc2 d6 5. e3 O-O 6. Bd3 e5 7. Ne2 Re8 8. a3
Bxc3+ 9. Qxc3 exd4 10. exd4 Bg4 11. f3 Bh5 12. O-O Bg6 13. Ng3 Nbd7 14. Bf4 a6
15. Rae1 Nf8 16. Bxg6 hxg6 17. d5 b5 18. b3 bxc4 19. bxc4 Rb8 20. Ne2 Nh5 21.
Be3 Nd7 22. Nd4 Qf6 23. Qd2 Ne5 24. Rc1 Qe7 25. Rfe1 Qd7 26. f4 Ng4 27. Nc6 Rb3
28. Bd4 Kh7 29. Rxe8 Qxe8 30. Re1 Rd3 31. Qc1 Qd7 32. h3 Nh6 33. Be3 Qf5 34. Nb4
Rb3 35. Nxa6 Qf6 36. Nxc7 Nf5 37. Bf2 Nfg3 38. Ne8 Qh4 39. Nxd6 Nxf4 40. Ne4
Nfe2+ 41. Kh2 Nxc1 42. Bxg3 Rxg3 43. Nxg3 Nd3 44. Re4 Qf6 45. Re3 Qd4 46. Re4
Qf2 47. Re2 Qf4 48. Re4 Qd6 49. Rd4 Nc5 50. Rg4 f5 51. Rh4+ Kg8 0-1

[Event "13th World Teams Pool A"]
[Site "Jerusalem ISR"]
[Date "2022.11.22"]
[Round "5.1"]
[Board "4"]
[White "Santos Ruiz, Miguel"]
[Black "Mhango, Banele"]
[Result "1-0"]
[WhiteTitle "GM"]
[BlackTitle "FM"]
[WhiteElo "2587"]
[BlackElo "2210"]
[WhiteTeam "Spain"]
[BlackTeam "South Africa"]
[WhiteFideId "22291482"]
[BlackFideId "14327040"]
[EventDate "2022.11.20"]

1. e4 c5 2. Nf3 d6 3. d4 cxd4 4. Nxd4 Nf6 5. Nc3 a6 6. h3 e6 7. g4 h6 8. a3 Be7
9. Be3 g5 10. h4 Rg8 11. hxg5 hxg5 12. f3 Nfd7 13. Qd2 Ne5 14. O-O-O Nbd7 15.
Rh6 Nb6 16. Nf5 Nbc4 17. Bxc4 Nxc4 18. Qd4 Nxe3 19. Qxe3 Qc7 20. Nxe7 Kxe7 21.
Rd5 Bd7 22. Rxg5 Qc4 23. Nd5+ exd5 24. exd5+ Be6 25. Rxe6+ 1-0

[Event "13th World Teams Pool A"]
[Site "Jerusalem ISR"]
[Date "2022.11.22"]
[Round "5.2"]
[Board "1"]
[White "Lu, Shanglei"]
[Black "Vachier-Lagrave, Maxime"]
[Result "1/2-1/2"]
[WhiteTitle "GM"]
[BlackTitle "GM"]
[WhiteElo "2605"]
[BlackElo "2736"]
[WhiteTeam "China"]
[BlackTeam "France"]
[WhiteFideId "8603332"]
[BlackFideId "623539"]
[EventDate "2022.11.20"]

1. e4 c5 2. Nf3 d6 3. d4 cxd4 4. Nxd4 Nf6 5. Nc3 a6 6. Be3 Ng4 7. Bc1 Nf6 8. f3
e5 9. Nb3 Be6 10. Be3 h5 11. Qd2 Nbd7 12. Nd5 Bxd5 13. exd5 g6 14. O-O-O Nb6 15.
Kb1 Nbxd5 16. Bg5 Be7 17. c4 Nb6 18. Na5 O-O 19. h4 d5 20. g4 dxc4 21. Qc2 Qc7
22. Bxf6 Bxf6 23. gxh5 e4 24. hxg6 c3 25. Qxe4 Rae8 26. gxf7+ Qxf7 27. Qg4+ Kh8
28. Bd3 Re5 29. Qf4 Bg7 30. Qxf7 Rxf7 31. Nc4 c2+ 32. Kxc2 Rc5 33. Kb3 Rb5+ 34.
Kc2 Nxc4 35. Bxc4 Rxb2+ 36. Kd3 Rxf3+ 37. Ke4 Rf8 38. Rd5 Rb6 1/2-1/2

[Event "13th World Teams Pool A"]
[Site "Jerusalem ISR"]
[Date "2022.11.22"]
[Round "5.2"]
[Board "2"]
[White "Moussard, Jules"]
[Black "Xu, Xiangyu"]
[Result "1-0"]
[WhiteTitle "GM"]
[BlackTitle "GM"]
[WhiteElo "2676"]
[BlackElo "2577"]
[WhiteTeam "France"]
[BlackTeam "China"]
[WhiteFideId "642908"]
[BlackFideId "8608288"]
[EventDate "2022.11.20"]

1. e4 c5 2. Nf3 d6 3. d4 cxd4 4. Nxd4 Nf6 5. Nc3 a6 6. Be2 e5 7. Nb3 Be7 8. O-O
O-O 9. Re1 Be6 10. Be3 Nbd7 11. a4 Qc7 12. a5 Rfc8 13. Bf3 h6 14. h3 Rab8 15.
Ba7 Ra8 16. Be3 Rab8 17. Nd2 Bf8 18. Qe2 Qd8 19. Rec1 Qe8 20. Kh2 Be7 21. g3 Bd8
22. Bg2 b6 23. f4 exf4 24. gxf4 Nf8 25. axb6 Bxb6 26. Rxa6 Bxe3 27. Qxe3 Rxb2
28. Rxd6 Ng6 29. e5 Nh5 30. Ne2 Nh4 31. Nd4 Nxg2 32. Kxg2 Rd8 33. Kh2 Bd5 34.
Rxd8 Qxd8 35. Rg1 Kh8 36. f5 Qc7 37. Re1 f6 38. Kg1 fxe5 39. Qxe5 Qxe5 40. Rxe5
Nf6 41. Kf2 Kg8 42. Re7 Ra2 43. Rc7 Ra3 44. c3 Ra2 45. Ke3 Bg2 46. Rc8+ Kf7 47.
N2f3 Nd5+ 48. Ke4 Ra5 49. c4 Nf6+ 50. Kf4 Nh5+ 51. Kg4 Nf6+ 52. Kg3 Bxf3 53.
Kxf3 Ra3+ 54. Kf4 Rxh3 55. Rc7+ Kg8 56. Ne6 Rh4+ 57. Kf3 Rh3+ 58. Kf4 Rh4+ 59.
Kg3 Rh5 60. Rxg7+ Kh8 61. Kf4 Rh4+ 62. Ke5 Ng4+ 63. Rxg4 Rxg4 64. c5 h5 65. c6
h4 66. f6 Kg8 67. Kd6 Ra4 68. Ke7 Ra8 69. f7+ Kh8 70. Nd8 1-0

[Event "13th World Teams Pool A"]
[Site "Jerusalem ISR"]
[Date "2022.11.22"]
[Round "5.2"]
[Board "3"]
[White "Bai, Jinshi"]
[Black "Gharamian, Tigran"]
[Result "1/2-1/2"]
[WhiteTitle "GM"]
[BlackTitle "GM"]
[WhiteElo "2569"]
[BlackElo "2601"]
[WhiteTeam "China"]
[BlackTeam "France"]
[WhiteFideId "8602280"]
[BlackFideId "13301527"]
[EventDate "2022.11.20"]

1. c4 e6 2. Nc3 d5 3. d4 a6 4. cxd5 exd5 5. Qb3 Bd6 6. Nf3 Ne7 7. Bg5 Nbc6 8. e3
Be6 9. Bd3 O-O 10. O-O Qd7 11. Bh4 Nf5 12. Bxf5 Bxf5 13. Nxd5 Be6 14. e4 Nb4 15.
Ne5 Bxe5 16. Qxb4 Bd6 17. Qc3 Bxd5 18. exd5 Qb5 19. Qb3 Rfe8 20. Rfe1 Qxb3 21.
axb3 Rxe1+ 22. Rxe1 Kf8 23. Kf1 f6 24. Bg3 Bxg3 25. hxg3 Rd8 26. Rc1 Rxd5 27.
Rxc7 Rxd4 28. Rxb7 Rd2 29. Ra7 Rxb2 30. Rxa6 Rxb3 1/2-1/2

[Event "13th World Teams Pool A"]
[Site "Jerusalem ISR"]
[Date "2022.11.22"]
[Round "5.2"]
[Board "4"]
[White "Lagarde, Maxime"]
[Black "Li, Di"]
[Result "0-1"]
[WhiteTitle "GM"]
[BlackTitle "GM"]
[WhiteElo "2573"]
[BlackElo "2539"]
[WhiteTeam "France"]
[BlackTeam "China"]
[WhiteFideId "662399"]
[BlackFideId "8607508"]
[EventDate "2022.11.20"]

1. d4 Nf6 2. c4 e6 3. Nc3 d5 4. cxd5 exd5 5. Bg5 c6 6. e3 h6 7. Bh4 Be7 8. Bd3
O-O 9. Nge2 Ne8 10. Bg3 Nd6 11. O-O Re8 12. Bf4 Bf5 13. Bxd6 Bxd3 14. Bxe7 Bxe2
15. Bxd8 Bxd1 16. Rfxd1 Rxd8 17. b4 a6 18. Rab1 Nd7 19. Na4 b5 20. Nc5 Nxc5 21.
dxc5 a5 22. a3 Re8 23. Rd4 axb4 24. axb4 h5 25. h4 f5 26. Rb2 Kf7 27. Kf1 Kf6
28. Ke2 Ra1 29. f3 Rc1 30. Kf2 Ra8 31. g4 hxg4 32. fxg4 g6 33. gxf5 gxf5 34. Kf3
Rh1 35. Kg2 Raa1 36. Rf4 Rag1+ 37. Kf2 Rg8 38. Rb3 Rh2+ 39. Kf3 Rhg2 0-1

[Event "13th World Teams Pool A"]
[Site "Jerusalem ISR"]
[Date "2022.11.22"]
[Round "5.3"]
[Board "1"]
[White "Ivanchuk, Vasyl"]
[Black "Van Foreest, Jorden"]
[Result "0-1"]
[WhiteTitle "GM"]
[BlackTitle "GM"]
[WhiteElo "2673"]
[BlackElo "2690"]
[WhiteTeam "Ukraine"]
[BlackTeam "Netherlands"]
[WhiteFideId "14100010"]
[BlackFideId "1039784"]
[EventDate "2022.11.20"]

1. d4 d5 2. c4 e6 3. Nc3 c5 4. cxd5 exd5 5. Nf3 Nf6 6. e3 a6 7. b3 Nc6 8. Bb2
Bg4 9. Be2 Bxf3 10. Bxf3 cxd4 11. exd4 Bb4 12. O-O O-O 13. Na4 Re8 14. Nc5 b6
15. Nd3 Bd6 16. Rc1 Rc8 17. Re1 Ne4 18. Re2 Qd7 19. Rec2 Nf6 20. g3 g6 21. Bg2
Rc7 22. Qf1 Re7 23. Bh3 Qe8 24. Ne5 Nb8 25. Ba3 Qd8 26. Nd7 Rexd7 27. Bxd6 Rxc2
28. Rxc2 Rxd6 29. Rc8 Qxc8 30. Bxc8 Nc6 31. Qxa6 Nxd4 32. Kg2 Kg7 33. b4 Nc2 34.
Qa4 Ne1+ 35. Kf1 Nf3 36. Qd1 Ne5 37. Qd4 Nf3 38. Qf4 Ne4 39. Kg2 Ne1+ 40. Kf1
Nd3 41. Qe3 Ndxf2 42. Qd4+ Kg8 43. a4 Rc6 44. Ba6 Rc1+ 45. Kg2 Ng4 46. Bd3 Rd1
47. a5 Rd2+ 48. Kg1 Nef2 49. Qxd5 Nh3+ 50. Kf1 Ne3+ 51. Ke1 Rd1+ 52. Ke2 Nxd5
53. Kxd1 Nf2+ 54. Kd2 Nxd3 0-1

[Event "13th World Teams Pool A"]
[Site "Jerusalem ISR"]
[Date "2022.11.22"]
[Round "5.3"]
[Board "2"]
[White "Van Foreest, Lucas"]
[Black "Shevchenko, Kirill"]
[Result "0-1"]
[WhiteTitle "GM"]
[BlackTitle "GM"]
[WhiteElo "2585"]
[BlackElo "2649"]
[WhiteTeam "Netherlands"]
[BlackTeam "Ukraine"]
[WhiteFideId "1039792"]
[BlackFideId "14129574"]
[EventDate "2022.11.20"]

1. d4 Nf6 2. c4 g6 3. Nc3 Bg7 4. e4 d6 5. h3 e5 6. d5 a5 7. Be3 Na6 8. Nf3 Bd7
9. Bd3 Nh5 10. Qd2 O-O 11. O-O-O Nf4 12. Bxf4 exf4 13. Qxf4 Nc5 14. Bc2 Rb8 15.
e5 b5 16. exd6 cxd6 17. Qxd6 Nb7 18. Qf4 bxc4 19. Ne5 Nc5 20. Rhe1 Qc7 21. Re3
Qb7 22. Nxc4 a4 23. Kd2 Qa6 24. a3 f5 25. h4 Ne4+ 26. Bxe4 Qxc4 0-1

[Event "13th World Teams Pool A"]
[Site "Jerusalem ISR"]
[Date "2022.11.22"]
[Round "5.3"]
[Board "3"]
[White "Bernadskiy, Vitaliy"]
[Black "Warmerdam, Max"]
[Result "1/2-1/2"]
[WhiteTitle "GM"]
[BlackTitle "GM"]
[WhiteElo "2615"]
[BlackElo "2617"]
[WhiteTeam "Ukraine"]
[BlackTeam "Netherlands"]
[WhiteFideId "14100371"]
[BlackFideId "1048104"]
[EventDate "2022.11.20"]

1. c4 e6 2. g3 d5 3. Bg2 d4 4. Nf3 Nc6 5. O-O Bc5 6. d3 Nf6 7. Na3 O-O 8. Nc2 e5
9. b4 Nxb4 10. Nxe5 Re8 11. Nf3 Nxc2 12. Qxc2 c6 13. a4 Bf5 14. Ba3 Qd6 15. Bxc5
Qxc5 16. Qb2 Rad8 17. Rfe1 Rd7 18. a5 Bg4 19. Qd2 Qh5 20. Qf4 c5 21. Rab1 Rde7
22. Rb5 h6 23. Qd6 b6 24. axb6 axb6 25. Rb2 Re6 26. Qc7 R8e7 27. Qb8+ Re8 28.
Qa7 Qf5 29. Rd2 Qh5 30. Qa4 Bxf3 31. Bxf3 Ng4 32. h4 g5 33. Kg2 gxh4 34. Rh1 Qg5
35. Rxh4 Qxd2 36. Rxg4+ Kf8 37. Qa7 Rf6 38. Qd7 h5 39. Rg8+ Kxg8 40. Qxe8+ Kg7
41. Bxh5 Qg5 42. Bf3 Qf5 43. Qb8 Re6 44. Kg1 Qe5 45. Qb7 Rf6 46. Kg2 Qf5 47. Qb8
Re6 48. Kg1 Rf6 49. Kg2 1/2-1/2

[Event "13th World Teams Pool A"]
[Site "Jerusalem ISR"]
[Date "2022.11.22"]
[Round "5.3"]
[Board "4"]
[White "Kevlishvili, Robby"]
[Black "Oleksiyenko, Mykhaylo"]
[Result "1/2-1/2"]
[WhiteTitle "GM"]
[BlackTitle "GM"]
[WhiteElo "2536"]
[BlackElo "2594"]
[WhiteTeam "Netherlands"]
[BlackTeam "Ukraine"]
[WhiteFideId "1040634"]
[BlackFideId "4152417"]
[EventDate "2022.11.20"]

1. e4 e6 2. d4 d5 3. Nd2 c5 4. Ngf3 cxd4 5. Nxd4 Nf6 6. exd5 Nxd5 7. g3 Be7 8.
N2f3 O-O 9. Bg2 Qc7 10. O-O b6 11. Bd2 Bb7 12. Rc1 a6 13. c4 Nf6 14. Bf4 Qc8 15.
Qe2 Nc6 16. Be3 Rd8 17. Rfd1 Bc5 18. Nxc6 Qxc6 19. Ne1 Qc7 20. Bxc5 bxc5 21.
Bxb7 Qxb7 22. Nd3 Rdc8 23. Qe3 h6 24. Nxc5 Qxb2 25. Na4 Qb4 26. Nb6 Ng4 27. Qd4
e5 28. Qxg4 Qxb6 29. Qe4 Qe6 30. Rd5 Re8 31. Re1 Rac8 32. c5 f5 33. Qd3 e4 34.
Qd4 Rc6 35. Rb1 e3 36. fxe3 Qxe3+ 37. Qxe3 Rxe3 38. Rxf5 Rc3 39. Rb8+ Kh7 40.
Ra8 Ra3 41. Ra7 Rxa2 42. Rff7 Rxc5 43. Rxg7+ Kh8 44. Rh7+ Kg8 45. Rhg7+ Kh8 46.
Rh7+ Kg8 1/2-1/2